| 000 | 00888nam a2200229Ia 4500 | ||
|---|---|---|---|
| 003 | OSt | ||
| 005 | 20200727215121.0 | ||
| 008 | 191128t1985 ck fr 000 0 spa d | ||
| 040 |
_aCO-JMCR _cCO-JMCR |
||
| 041 | 0 | _aspa | |
| 082 | 0 | 4 |
_a340.023 / _bM753e _223 |
| 100 | 1 |
_aMonroy Cabra, Marco Gerardo, _eautor _97938 |
|
| 245 | 1 | 0 |
_aÉtica del abogado / _cMarco Gerardo Monroy Cabra |
| 260 |
_aBogotá : _bLibrería Jurídicas, _c©1985 |
||
| 300 |
_a301 páginas ; _c23 cm. |
||
| 504 | _aBibliografía: páginas 297-301 | ||
| 505 | 0 | _aNociones generales -- Doctrinas éticas -- La abogacía -- Deberes y responsabilidades del abogado -- Características de la abogacía -- Principios básicos de deontología jurídica -- El secreto profesional | |
| 650 | 1 | 4 |
_aLa abogacía _97939 |
| 650 | 1 | 4 |
_aEl secreto profesional _97940 |
| 650 | 1 | 4 |
_aDerecho disciplinario _9517 |
| 942 |
_2ddc _cBK |
||
| 999 |
_c5874 _d5874 |
||